| 000 | 01242nam a22002657a 4500 | ||
|---|---|---|---|
| 005 | 20170124102924.0 | ||
| 010 | _aB-080109 | ||
| 020 |
_c200.00 _a818530971 |
||
| 035 | _aB-080109 | ||
| 037 | _bCen Lib/Ret | ||
| 040 |
_aDPL _bHN |
||
| 082 |
_a821.08 _bभारती |
||
| 100 |
_aभारती, रवीन्द्र _942886 |
||
| 245 |
_aसौन्दर्य-रस-आनंदमाला : _cरवीन्द्र भारती _bनयी कविता का 'ब्रह्मराक्षस' मुक्तिबोध / |
||
| 246 |
_aSaundarye ras anandmala nayi kavita ka brahmarakshas muktibodh _bRaveendra Bharti |
||
| 260 |
_bअमित प्रकाशन _aगाज़ियाबाद _c2003 |
||
| 270 |
_aके.बी.-97, कविनगर _bउत्तर प्रदेश _e201 002 |
||
| 300 |
_a188पृ. : _c20सेमी (सजिल्द) _bचित्र |
||
| 500 | _aसन्दर्भ शामिल | ||
| 650 |
_aहिंदी -- कविता _942887 |
||
| 650 |
_aहिंदी साहित्य _942888 |
||
| 650 |
_aHindi -- poetry _942889 |
||
| 650 |
_aHindi literature _942890 |
||
| 942 |
_2ddc _cHN _h821.08 _mभारती |
||
| 999 |
_c111450 _d111450 |
||